| 000 | 00943nmm a2200301 a 4500 | ||
|---|---|---|---|
| 003 | AR-BaBNM | ||
| 005 | 20251128203745.0 | ||
| 008 | 096019s1946 ||||||||||||||000 | spa|| | ||
| 040 | _cAR-BaBNM | ||
| 100 | 1 | _aBrandes, Georg | |
| 245 | 1 | 0 |
_aLas grandes corrientes de la literatura en el siglo XIX _bla literatura de inmigrantes : la escuela romántica en Alemania : la reacción en Francia : el naturalismo en Inglaterra. 1 |
| 260 |
_aBuenos Aires _bAmericalee _c1946 |
||
| 300 | 0 | _a959 p. | |
| 500 | 0 | _aPrólogo del autor a la edición definitiva | |
| 650 | 4 | _aHISTORIA LITERARIA | |
| 650 | 4 | _aCOMPOSICION LITERARIA | |
| 650 | 4 | _aINVESTIGACION LITERARIA | |
| 650 | 4 | _aSIGLO DIECINUEVE | |
| 650 | 4 | _aROMANTICISMO | |
| 650 | 4 | _aLITERATURA FRANCESA | |
| 650 | 4 | _aESTILO LITERARIO | |
| 650 | 4 | _aLITERATURA ALEMANA | |
| 651 | 4 | _aReino Unido | |
| 653 | _aNATURALISMO | ||
| 655 | _aLITERATURA | ||
| 942 | _cBK | ||
| 998 | _cisola | ||
| 999 |
_c4813 _d4813 |
||